000 00621cam a2200229 4500
008 090401t1994 xxu||||| |||| 00| 0 eng d
020 _a0442016441
035 _a(Sirsi) u50677
041 _aeng
050 _a693.834
100 _aCowan, James P.
245 _aHandbook of environmental acoustics.
260 _aNew York
_bVan Nostrand Reinhold
_c1994
300 _ax,283p. : ill. ; 24cm.
350 _a45
650 _aBUILT ENVIRONMENT-CONSTRUCTION DESIGN-ACOUSTICS
650 _aNOISE POLLUTION
650 _aNOISE
690 _aENVIRONMENTAL AND LAND CONSULTANCY
942 _n0
948 _c04/03/1997
999 _c92735
_d92735